| Tag |
First Indicator |
Second Indicator |
Subfields |
| LEADER |
00000cjm a2200000Ia 4500 |
| 001 |
in00002480521 |
| 005 |
20151110084338.0 |
| 007 |
sd fsngnn|||ed |
| 007 |
sd fzngnn|||ed |
| 008 |
081227p20092008enkmunn defhi n eng d |
| 024 |
7 |
|
|a 00095115506929
|2 gtin-14
|
| 024 |
1 |
0 |
|a 095115506929
|
| 028 |
0 |
2 |
|a CHSA 5069
|b Chandos
|
| 035 |
|
|
|a (OCoLC)ocn294889331
|
| 035 |
|
|
|a (OCoLC)294889331
|
| 040 |
|
|
|a BTCTA
|c BTCTA
|d CIN
|d TXA
|d UtOrBLW
|
| 041 |
0 |
|
|d eng
|e eng
|g eng
|g ger
|g fre
|
| 049 |
|
|
|a TXAM
|
| 090 |
|
|
|a M1000.H748
|b O77 2009 vol. 1
|
| 100 |
1 |
|
|a Holst, Gustav,
|d 1874-1934.
|
| 240 |
1 |
0 |
|a Ballet music.
|k Selections
|
| 245 |
1 |
0 |
|a Orchestral works.
|n Volume 1 /
|c Holst.
|
| 264 |
|
1 |
|a Colchester, Essex, England :
|b Chandos,
|c [2009]
|
| 264 |
|
4 |
|c ℗2009
|
| 300 |
|
|
|a 1 sound disc :
|b digital, SACD ;
|c 4 3/4 in.
|
| 306 |
|
|
|a 001132
|a 002450
|a 001015
|a 002102
|
| 336 |
|
|
|a performed music
|b prm
|2 rdacontent
|
| 337 |
|
|
|a audio
|b s
|2 rdamedia
|
| 338 |
|
|
|a audio disc
|b sd
|2 rdacarrier
|
| 546 |
|
|
|a The 2nd and 4th works sung in English.
|
| 500 |
|
|
|a Title from container.
|
| 511 |
0 |
|
|a Joyful Company of Singers ; BBC National Orchestra of Wales ; Richard Hickox, conductor.
|
| 518 |
|
|
|a Recorded July 1-2, 2008, Brangwyn Hall, Swansea.
|
| 500 |
|
|
|a Super audio CD (hybrid); multi-channel and stereo sound.
|
| 500 |
|
|
|a Program notes in English, German and French, and text in English in container.
|
| 505 |
0 |
|
|a The ballet from "The perfect fool" : op, 39 (11:32) -- The golden goose : op. 45 no. 1 : a choral ballet founded on a tale of Grimm (24:50) -- The lure : ballet music for orchestra (10:15) -- The morning of the year : op. 45 no. 2 : choral ballet (21:02).
|
| 500 |
|
|
|a Sound recording.
|
| 650 |
|
0 |
|a Ballets.
|
| 650 |
|
0 |
|a Choruses, Secular (Mixed voices) with orchestra.
|
| 700 |
1 |
|
|a Hickox, Richard,
|d 1948-2008,
|e conductor.
|
| 700 |
1 |
2 |
|a Holst, Gustav,
|d 1874-1934.
|t Perfect fool.
|p Ballet.
|
| 700 |
1 |
2 |
|a Holst, Gustav,
|d 1874-1934.
|t Golden goose.
|
| 700 |
1 |
2 |
|a Holst, Gustav,
|d 1874-1934.
|t Lure.
|
| 700 |
1 |
2 |
|a Holst, Gustav,
|d 1874-1934.
|t Morning of the year.
|
| 710 |
2 |
|
|a Joyful Company of Singers,
|e performer.
|
| 710 |
2 |
|
|a BBC National Orchestra of Wales,
|e performer.
|
| 938 |
|
|
|a Baker and Taylor
|b BTCP
|n BECDCNDS5069
|
| 948 |
|
|
|a cataloged
|b h
|c 2009/3/26
|d c
|e cajsmith
|f 12:58:12 pm
|
| 994 |
|
|
|a C0
|b TXA
|
| 999 |
|
|
|a MARS
|
| 999 |
f |
f |
|s 4b17b18c-74da-3200-9b45-8746a5930ee9
|i c547216d-b3c5-3517-99a4-8b0ecbe09e1c
|t 0
|
| 952 |
f |
f |
|p ric
|a Texas A&M University
|b Rellis Campus
|c Joint Library Facility
|d Remote Storage
|t 0
|e M1000.H748 O77 2009 vol. 1
|h Library of Congress classification
|i audio -- audio disc
|m A14837585800
|
| 998 |
f |
f |
|a M1000.H748 O77 2009 vol. 1
|t 0
|l Remote Storage
|